Príležitosti a riziká bankových ponúk pre retailového investora diplomová práca

Uložené v:
Podrobná bibliografia
Hlavný autor: Dano, Róbert
Korporativný autor: Fakulta podnikového manažmentu EU. Katedra podnikových financií
Ďalší autori: Škriniar, Pavel, 1979-
Médium: Kniha
Jazyk:Slovak
Vydavateľské údaje: Bratislava 2017
Tagy: Pridať tag
Žiadne tagy, Buďte prvý, kto otaguje tento záznam!

MARC

LEADER 00000nbm a2200000 4500
001 0244567
005 20181001102448.9
041 0 |a slo 
044 |a SK 
245 1 0 |a Príležitosti a riziká bankových ponúk pre retailového investora  |b diplomová práca  |c Róbert Dano ; školiteľ: Pavel Škriniar 
264 1 |a Bratislava  |c 2017 
300 |a 55 s. 
100 1 |a Dano, Róbert 
700 1 |a Škriniar, Pavel, 1979- 
710 2 |a Fakulta podnikového manažmentu EU. Katedra podnikových financií